000 005010000a22001690004500
003 MACL
005 20160303132325.0
008 160303b xxu||||| |||| 00| 0 eng d
040 _aMACL
_cMACL
041 _aHindi
082 _a891.431
100 _aनवीन बालकृष्‍ण शर्मा
_941741
245 _aक्‍वासि
260 _bराजकमल प्रकाशन
_aनई दिल्‍ली
650 _aPoetry
_942396
942 _cHIN
_k891.431
_2ddc
999 _c23593
_d23593